| 000 | 00413nam a22001697a 4500 | ||
|---|---|---|---|
| 999 |
_c523721 _d523721 |
||
| 003 | NUST | ||
| 038 | _awaseem | ||
| 082 |
_a891.422 _bNAW |
||
| 100 |
_aNawaz _914493 |
||
| 245 |
_aSham Rangi Kurri / _cNawaz |
||
| 260 |
_aLahore : _bPunjabi Adabi Board, _c1973. |
||
| 300 | _a168 p. ; | ||
| 500 | _aPaperback. | ||
| 880 |
_6100-02\r _aنواز |
||
| 880 |
_6245-02\r _aشام رنگی کڑی / |
||
| 942 |
_2ddc _cBK |
||